Finančné plánovanie v podniku.
Nové podmienky tvorby a využívania úloh plánovania v podnikoch v podmienkach trhovej ekonomiky. Významné postavenie plánu v rámci komplexného plánu podniku. Úlohy finančného plánu. Časové dimenzie vo finančnom plánovaní. Štruktúra, obsah a postup tvorby finančného plánu.
Gespeichert in:
| 1. Verfasser: | |
|---|---|
| Format: | Buchkapitel |
| Sprache: | Slowakisch |
| Schlagworte: | |
| Tags: |
Keine Tags, Fügen Sie das erste Tag hinzu!
|
MARC
| LEADER | 00000naa a2200000 4500 | ||
|---|---|---|---|
| 001 | r013494 | ||
| 005 | 20221205080026.4 | ||
| 041 | 0 | |a slo | |
| 044 | |a SK | ||
| 245 | 1 | 0 | |a Finančné plánovanie v podniku. |c J. Kráľovič |
| 520 | |a Nové podmienky tvorby a využívania úloh plánovania v podnikoch v podmienkach trhovej ekonomiky. Významné postavenie plánu v rámci komplexného plánu podniku. Úlohy finančného plánu. Časové dimenzie vo finančnom plánovaní. Štruktúra, obsah a postup tvorby finančného plánu. | ||
| 610 | 2 | 0 | |a plánovanie podnikové |
| 610 | 2 | 0 | |a plánovanie finančné |
| 610 | 2 | 0 | |a podnik |
| 610 | 2 | 0 | |a plán finančný |
| 610 | 2 | 0 | |a tvorba plánu |
| 100 | 1 | |a Kráľovič, Jozef | |